Statistics for UNESCO Sites in China by Picture

Click here to take the quiz!

General Stats

  • This quiz has been taken 10 times
  • The average score is 4 of 16

Answer Stats

Answer % Correct
Great Wall of China
86%
Mausoleum of the First Qin Emperor
86%
Summer Palace
57%
Temple of Heaven
57%
Mount Tai
29%
Mount Huangshan
29%
Classical Gardens of Suzhou
29%
Three Parallel Rivers of Yunnan Protected Areas
14%
Dazu Rock carvings
14%
Old town of Lijiang
14%
Jiuzhaigou Valley
0%
Lushan National Park
0%
Imperial Palaces of the Ming and Qing Dynasties, including the Forbidden City and Mukden Palace
0%
Mogao Caves
0%
Peking Man Site at Zhoukoudian
0%
Mount Wuyi
0%

Score Distribution

Percentile by Number Answered

Percent of People with Each Score

Your Score History

You have not taken this quiz